000 01233nam a22002897a 4500
001 00155
003 DO-SdBPM
005 20250603095856.0
007 00155
008 160607b2007 sp |||| 00| 0 spa d
040 _aDO-SdBPM
_bspa
_cBPMSU
082 4 _a616.855
_bC977f 2007
_222
100 _a
245 0 0 _aCurso de formación :
_btrastornos del apendisaje en niños y adolescentes : TDAH y discapacidad intelectual /
_ccoordinador Ramón Novell,
250 _a
260 _aBarcelona :
_bG Ferrer,
_c2007
300 _a46 p. :
_b il. ;
_c28 cm.
505 _gUnidad 1 :
_tTrastorno por déficit de atención con hiperactividad /
_rRoger Chater Baulés
_gUnidad 2 :
_tTrastornos de conducta en personas con discapacidad intelectual /
_rSusana Esteba Castillo --
_gUnidad 3 :
_tFarmacología y uso clínico del gamalate B /
_rRamón Novell Alsina --
590 _aInventariado, 2025/VM
650 4 _aNiños hiperactivos
_xDiagnóstico.
650 4 _aTrastorno por déficit de atención con hiperactividad
_xDiagnóstico.
650 4 _a Educación de niños hiperactivos
650 4 _aNeuropsicología.
700 1 _aNovell, Ramón
_ecoordinador
910 _aVMateo V. Control de calidad. BPMSU
942 _2ddc
_cBK
999 _c10293
_d10293